[Event "Deutsche Ländermeisterschaft 2023"]
[Site "Hannover GER"]
[Date "2023.10.01"]
[Round "2"]
[White "Klaska, Philipp Leon"]
[Black "Falke, Ornella"]
[Result "1-0"]
[Termination "normal"]
[Board "1.5"]
[BlackTitle "WCM"]
[WhiteElo "2065"]
[BlackElo "1990"]
[WhiteClock "00:02:50"]
[BlackClock "00:01:52"]
[WhiteTeam "Nordrhein-Westfalen"]
[BlackTeam "Schleswig-Holstein"]
[PlyCount "119"]
[WhiteFideId "16238044"]
[BlackFideId "16207092"]
[EventCountry "GER"]
[EventRounds "7"]
[EventType "team-swiss"]
[EventDate "2023.09.30"]

1. d4 {[%clk 01:30:46]} {[%emt 00:00:13]} d5 {[%clk 01:30:45]} {[%emt
00:00:15]} 2. c4 {[%clk 01:31:01]} {[%emt 00:00:14]} e6 {[%clk 01:30:26]}
{[%emt 00:00:50]} 3. Nc3 {[%clk 01:31:16]} {[%emt 00:00:15]} Be7 {[%clk
01:30:28]} {[%emt 00:00:29]} 4. e4 {[%clk 01:26:01]} {[%emt 00:05:45]} dxe4
{[%clk 01:30:39]} {[%emt 00:00:18]} 5. Nxe4 {[%clk 01:26:25]} {[%emt 00:00:06]}
Nf6 {[%clk 01:28:06]} {[%emt 00:03:03]} 6. Nc3 {[%clk 01:22:06]} {[%emt
00:04:48]} O-O {[%clk 01:27:35]} {[%emt 00:01:01]} 7. Nf3 {[%clk 01:22:15]}
{[%emt 00:00:21]} b6 {[%clk 01:21:18]} {[%emt 00:06:48]} 8. Be2 {[%clk
01:18:38]} {[%emt 00:04:08]} Bb7 {[%clk 01:20:56]} {[%emt 00:00:51]} 9. O-O
{[%clk 01:18:55]} {[%emt 00:00:13]} Na6 {[%clk 01:14:49]} {[%emt 00:06:37]} 10.
b3 {[%clk 01:04:32]} {[%emt 00:14:53]} c5 {[%clk 01:10:37]} {[%emt 00:04:42]}
11. dxc5 {[%clk 01:03:30]} {[%emt 00:01:32]} Nxc5 {[%clk 01:09:11]} {[%emt
00:01:56]} 12. Bb2 {[%clk 01:03:08]} {[%emt 00:00:52]} a6 {[%clk 01:06:36]}
{[%emt 00:03:06]} 13. Qxd8 {[%clk 01:00:05]} {[%emt 00:03:33]} Rfxd8 {[%clk
01:04:35]} {[%emt 00:02:30]} 14. Rad1 {[%clk 00:59:43]} {[%emt 00:00:53]} h6
{[%clk 00:54:40]} {[%emt 00:10:25]} 15. Ne5 {[%clk 00:53:32]} {[%emt 00:06:37]}
Bd6 {[%clk 00:48:01]} {[%emt 00:07:14]} 16. Nd3 {[%clk 00:49:10]} {[%emt
00:04:49]} Bc6 {[%clk 00:44:13]} {[%emt 00:04:21]} 17. Ne1 {[%clk 00:41:23]}
{[%emt 00:08:14]} Rd7 {[%clk 00:37:35]} {[%emt 00:07:11]} 18. Bf3 {[%clk
00:36:31]} {[%emt 00:05:22]} Bxf3 {[%clk 00:36:41]} {[%emt 00:01:24]} 19. Nxf3
{[%clk 00:36:51]} {[%emt 00:00:10]} Rad8 {[%clk 00:36:05]} {[%emt 00:01:05]}
20. g3 {[%clk 00:33:32]} {[%emt 00:03:49]} Kf8 {[%clk 00:23:50]} {[%emt
00:12:47]} 21. Rfe1 {[%clk 00:31:23]} {[%emt 00:02:38]} Be7 {[%clk 00:07:33]}
{[%emt 00:16:47]} 22. Ne5 {[%clk 00:18:10]} {[%emt 00:13:42]} Rxd1 {[%clk
00:07:56]} {[%emt 00:00:08]} 23. Rxd1 {[%clk 00:18:26]} {[%emt 00:00:14]} Rxd1+
{[%clk 00:07:52]} {[%emt 00:00:33]} 24. Nxd1 {[%clk 00:18:50]} {[%emt
00:00:06]} Bd6 {[%clk 00:03:46]} {[%emt 00:04:36]} 25. Ne3 {[%clk 00:14:35]}
{[%emt 00:04:45]} Nfd7 {[%clk 00:02:47]} {[%emt 00:01:30]} 26. Nxd7+ {[%clk
00:13:54]} {[%emt 00:01:10]} Nxd7 {[%clk 00:03:15]} {[%emt 00:00:02]} 27. Kf1
{[%clk 00:14:00]} {[%emt 00:00:24]} g6 {[%clk 00:03:27]} {[%emt 00:00:18]} 28.
Ke2 {[%clk 00:14:06]} {[%emt 00:00:25]} Ke7 {[%clk 00:03:52]} {[%emt 00:00:04]}
29. Bc3 {[%clk 00:12:08]} {[%emt 00:02:26]} a5 {[%clk 00:02:43]} {[%emt
00:01:40]} 30. Nc2 {[%clk 00:11:05]} {[%emt 00:01:33]} e5 {[%clk 00:02:42]}
{[%emt 00:00:32]} 31. Ne3 {[%clk 00:10:29]} {[%emt 00:01:05]} Ke6 {[%clk
00:02:56]} {[%emt 00:00:17]} 32. Nd5 {[%clk 00:10:04]} {[%emt 00:00:54]} Bc5
{[%clk 00:02:04]} {[%emt 00:01:22]} 33. Bd2 {[%clk 00:09:11]} {[%emt 00:01:22]}
h5 {[%clk 00:02:24]} {[%emt 00:00:12]} 34. Be3 {[%clk 00:08:28]} {[%emt
00:01:11]} Kd6 {[%clk 00:02:01]} {[%emt 00:00:55]} 35. Nc3 {[%clk 00:06:27]}
{[%emt 00:02:30]} f5 {[%clk 00:02:17]} {[%emt 00:00:15]} 36. f3 {[%clk
00:05:38]} {[%emt 00:01:18]} Bxe3 {[%clk 00:01:47]} {[%emt 00:01:01]} 37. Kxe3
{[%clk 00:06:02]} {[%emt 00:00:06]} Kc5 {[%clk 00:00:44]} {[%emt 00:01:33]} 38.
a3 {[%clk 00:02:22]} {[%emt 00:04:10]} Nf8 {[%clk 00:00:49]} {[%emt 00:00:25]}
39. Na4+ {[%clk 00:01:14]} {[%emt 00:01:38]} Kc6 {[%clk 00:01:13]} {[%emt
00:00:07]} 40. b4 {[%clk 00:01:01]} {[%emt 00:00:43]} axb4 {[%clk 00:01:04]}
{[%emt 00:00:40]} 41. axb4 {[%clk 00:01:00]} {[%emt 00:00:31]} b5 {[%clk
00:30:06]} {[%emt 00:01:28]} 42. Nb2 {[%clk 00:29:54]} {[%emt 00:01:36]} bxc4
{[%clk 00:27:05]} {[%emt 00:03:31]} 43. Nxc4 {[%clk 00:30:02]} {[%emt
00:00:22]} Kd5 {[%clk 00:19:11]} {[%emt 00:08:25]} 44. Kd3 {[%clk 00:23:44]}
{[%emt 00:06:47]} Nd7 {[%clk 00:14:46]} {[%emt 00:04:56]} 45. Ne3+ {[%clk
00:22:12]} {[%emt 00:02:02]} Kc6 {[%clk 00:12:36]} {[%emt 00:02:39]} 46. Ng2
{[%clk 00:19:29]} {[%emt 00:03:11]} g5 {[%clk 00:11:56]} {[%emt 00:01:13]} 47.
h4 {[%clk 00:18:15]} {[%emt 00:01:43]} gxh4 {[%clk 00:03:08]} {[%emt 00:09:18]}
48. gxh4 {[%clk 00:16:50]} {[%emt 00:01:55]} Nf6 {[%clk 00:02:25]} {[%emt
00:01:14]} 49. Ne3 {[%clk 00:14:46]} {[%emt 00:02:34]} e4+ {[%clk 00:02:09]}
{[%emt 00:00:46]} 50. fxe4 {[%clk 00:13:42]} {[%emt 00:01:34]} fxe4+ {[%clk
00:02:14]} {[%emt 00:00:25]} 51. Kd4 {[%clk 00:05:37]} {[%emt 00:08:34]} Kb5
{[%clk 00:00:59]} {[%emt 00:01:45]} 52. Nc2 {[%clk 00:05:53]} {[%emt 00:00:14]}
Ng4 {[%clk 00:00:44]} {[%emt 00:00:45]} 53. Kxe4 {[%clk 00:05:56]} {[%emt
00:00:27]} Nh2 {[%clk 00:01:00]} {[%emt 00:00:14]} 54. Kf4 {[%clk 00:06:14]}
{[%emt 00:00:11]} Ka4 {[%clk 00:00:59]} {[%emt 00:00:32]} 55. Kg5 {[%clk
00:05:52]} {[%emt 00:00:52]} Kb3 {[%clk 00:00:35]} {[%emt 00:00:55]} 56. Kxh5
{[%clk 00:04:06]} {[%emt 00:02:16]} Nf3 {[%clk 00:00:41]} {[%emt 00:00:24]} 57.
b5 {[%clk 00:02:56]} {[%emt 00:01:40]} Kxc2 {[%clk 00:01:02]} {[%emt 00:00:09]}
58. b6 {[%clk 00:03:12]} {[%emt 00:00:15]} Ne5 {[%clk 00:01:28]} {[%emt
00:00:03]} 59. b7 {[%clk 00:03:15]} {[%emt 00:00:27]} Nd7 {[%clk 00:01:52]}
{[%emt 00:00:06]} 60. Kg5 {[%clk 00:02:50]} {[%emt 00:00:54]} 1-0

[Event "Deutsche Ländermeisterschaft 2023"]
[Site "Hannover GER"]
[Date "2023.10.01"]
[Round "2"]
[White "Sickmann, Lisa"]
[Black "Sereda, Yaroslava"]
[Result "1/2-1/2"]
[Termination "normal"]
[Board "1.6"]
[WhiteElo "1864"]
[BlackElo "1956"]
[WhiteClock "01:41:27"]
[BlackClock "00:28:47"]
[WhiteTeam "Schleswig-Holstein"]
[BlackTeam "Nordrhein-Westfalen"]
[PlyCount "83"]
[WhiteFideId "16267818"]
[BlackFideId "14178940"]
[EventCountry "GER"]
[EventRounds "7"]
[EventType "team-swiss"]
[EventDate "2023.09.30"]

1. e4 {[%clk 01:30:59]} c5 {[%clk 01:30:54]} {[%emt 00:00:06]} 2. Nf3 {[%clk
01:31:24]} {[%emt 00:00:05]} Nc6 {[%clk 01:31:17]} {[%emt 00:00:08]} 3. d4
{[%clk 01:31:50]} {[%emt 00:00:04]} cxd4 {[%clk 01:31:40]} {[%emt 00:00:07]} 4.
Nxd4 {[%clk 01:32:10]} {[%emt 00:00:10]} e5 {[%clk 01:31:57]} {[%emt 00:00:12]}
5. Nb5 {[%clk 01:32:31]} {[%emt 00:00:09]} d6 {[%clk 01:32:18]} {[%emt
00:00:10]} 6. c4 {[%clk 01:32:57]} {[%emt 00:00:05]} Be6 {[%clk 01:32:34]}
{[%emt 00:00:14]} 7. N1c3 {[%clk 01:33:13]} {[%emt 00:00:13]} a6 {[%clk
01:32:16]} {[%emt 00:00:48]} 8. Na3 {[%clk 01:33:37]} {[%emt 00:00:06]} g6
{[%clk 01:30:46]} {[%emt 00:02:00]} 9. Nc2 {[%clk 01:33:37]} {[%emt 00:00:31]}
Nf6 {[%clk 01:29:12]} {[%emt 00:02:04]} 10. Be2 {[%clk 01:33:32]} {[%emt
00:00:35]} Bg7 {[%clk 01:28:45]} {[%emt 00:00:56]} 11. O-O {[%clk 01:33:52]}
{[%emt 00:00:09]} O-O {[%clk 01:28:44]} {[%emt 00:00:31]} 12. Be3 {[%clk
01:34:00]} {[%emt 00:00:22]} Rc8 {[%clk 01:28:37]} {[%emt 00:00:38]} 13. f3
{[%clk 01:33:31]} {[%emt 00:00:58]} Nh5 {[%clk 00:54:06]} {[%emt 00:35:01]} 14.
Qd2 {[%clk 01:25:25]} {[%emt 00:08:36]} Nf4 {[%clk 00:48:33]} {[%emt 00:06:03]}
15. Nd5 {[%clk 01:21:10]} {[%emt 00:04:45]} Bxd5 {[%clk 00:44:13]} {[%emt
00:04:51]} 16. cxd5 {[%clk 01:20:57]} {[%emt 00:00:42]} Nxe2+ {[%clk 00:40:06]}
{[%emt 00:04:37]} 17. Qxe2 {[%clk 01:21:18]} {[%emt 00:00:09]} Ne7 {[%clk
00:39:05]} {[%emt 00:01:31]} 18. Rac1 {[%clk 01:20:58]} {[%emt 00:00:49]} f5
{[%clk 00:37:16]} {[%emt 00:02:20]} 19. Na3 {[%clk 01:20:35]} {[%emt 00:00:53]}
b5 {[%clk 00:35:42]} {[%emt 00:02:04]} 20. Rxc8 {[%clk 01:20:18]} {[%emt
00:00:47]} Qxc8 {[%clk 00:27:25]} {[%emt 00:08:48]} 21. Rc1 {[%clk 01:20:33]}
{[%emt 00:00:15]} Qd7 {[%clk 00:27:04]} {[%emt 00:00:51]} 22. Nc2 {[%clk
01:19:25]} {[%emt 00:01:38]} Rc8 {[%clk 00:24:41]} {[%emt 00:02:53]} 23. Nb4
{[%clk 01:17:21]} {[%emt 00:02:34]} Rxc1+ {[%clk 00:20:45]} {[%emt 00:04:26]}
24. Bxc1 {[%clk 01:17:37]} {[%emt 00:00:13]} a5 {[%clk 00:17:39]} {[%emt
00:03:36]} 25. Nc2 {[%clk 01:17:44]} {[%emt 00:00:22]} f4 {[%clk 00:08:58]}
{[%emt 00:09:11]} 26. Na3 {[%clk 01:16:23]} {[%emt 00:01:51]} Qc7 {[%clk
00:06:33]} {[%emt 00:02:55]} 27. Bd2 {[%clk 01:15:06]} {[%emt 00:01:47]} b4
{[%clk 00:06:03]} {[%emt 00:01:01]} 28. Nc4 {[%clk 01:15:04]} {[%emt 00:00:31]}
Nc8 {[%clk 00:04:52]} {[%emt 00:01:41]} 29. Be1 {[%clk 01:14:34]} {[%emt
00:01:00]} Nb6 {[%clk 00:03:12]} {[%emt 00:02:11]} 30. b3 {[%clk 01:13:49]}
{[%emt 00:01:15]} Bf6 {[%clk 00:02:11]} {[%emt 00:01:31]} 31. Bf2 {[%clk
01:13:01]} {[%emt 00:01:17]} Nxc4 {[%clk 00:01:57]} {[%emt 00:00:44]} 32. Qxc4
{[%clk 01:13:15]} {[%emt 00:00:17]} Qxc4 {[%clk 00:01:08]} {[%emt 00:01:18]}
33. bxc4 {[%clk 01:13:40]} {[%emt 00:00:05]} a4 {[%clk 00:01:26]} {[%emt
00:00:13]} 34. Be1 {[%clk 01:13:49]} {[%emt 00:00:21]} b3 {[%clk 00:01:20]}
{[%emt 00:00:36]} 35. axb3 {[%clk 01:14:13]} {[%emt 00:00:05]} axb3 {[%clk
00:01:29]} {[%emt 00:00:22]} 36. Bc3 {[%clk 01:14:22]} {[%emt 00:00:20]} Bd8
{[%clk 00:01:19]} {[%emt 00:00:39]} 37. Kf1 {[%clk 01:14:36]} {[%emt 00:00:17]}
Bb6 {[%clk 00:01:15]} {[%emt 00:00:34]} 38. Ke2 {[%clk 01:14:56]} {[%emt
00:00:10]} Bc5 {[%clk 00:00:47]} {[%emt 00:00:59]} 39. Kd3 {[%clk 01:15:16]}
{[%emt 00:00:09]} Kf7 {[%clk 00:00:46]} {[%emt 00:00:32]} 40. Ba5 {[%clk
01:13:42]} {[%emt 00:02:03]} Bd4 {[%clk 00:00:47]} {[%emt 00:00:28]} 41. Bb4
{[%clk 01:13:29]} {[%emt 00:00:44]} Ke7 {[%clk 00:28:47]} {[%emt 00:02:30]} 42.
Be1 {[%clk 01:41:27]} {[%emt 00:02:31]} 1/2-1/2

[Event "Deutsche Ländermeisterschaft 2023"]
[Site "Hannover GER"]
[Date "2023.10.01"]
[Round "2"]
[White "Rudolph, Eva"]
[Black "Lanert, Theodor"]
[Result "0-1"]
[Termination "normal"]
[Board "1.7"]
[WhiteElo "1793"]
[BlackElo "1404"]
[WhiteClock "00:01:21"]
[BlackClock "01:09:34"]
[WhiteTeam "Nordrhein-Westfalen"]
[BlackTeam "Schleswig-Holstein"]
[PlyCount "140"]
[WhiteFideId "16200594"]
[BlackFideId "34605576"]
[EventCountry "GER"]
[EventRounds "7"]
[EventType "team-swiss"]
[EventDate "2023.09.30"]

1. e4 {[%clk 01:30:58]} {[%emt 00:00:02]} c5 {[%clk 01:30:50]} {[%emt
00:00:10]} 2. Nc3 {[%clk 01:31:21]} {[%emt 00:00:07]} Nc6 {[%clk 01:31:04]}
{[%emt 00:00:16]} 3. f4 {[%clk 01:31:35]} {[%emt 00:00:17]} d6 {[%clk
01:30:52]} {[%emt 00:00:42]} 4. Nf3 {[%clk 01:31:49]} {[%emt 00:00:16]} g6
{[%clk 01:31:14]} {[%emt 00:00:07]} 5. Bb5 {[%clk 01:31:43]} {[%emt 00:00:37]}
Bg7 {[%clk 01:31:18]} {[%emt 00:00:26]} 6. O-O {[%clk 01:31:13]} {[%emt
00:01:00]} Bd7 {[%clk 01:31:31]} {[%emt 00:00:16]} 7. Bxc6 {[%clk 01:27:37]}
{[%emt 00:04:06]} Bxc6 {[%clk 01:31:31]} {[%emt 00:00:31]} 8. d3 {[%clk
01:26:44]} {[%emt 00:01:23]} e6 {[%clk 01:30:31]} {[%emt 00:01:30]} 9. Qe1
{[%clk 01:24:31]} {[%emt 00:02:42]} Ne7 {[%clk 01:30:09]} {[%emt 00:00:53]} 10.
Qh4 {[%clk 01:21:36]} {[%emt 00:03:25]} d5 {[%clk 01:25:37]} {[%emt 00:05:02]}
11. Bd2 {[%clk 01:17:48]} {[%emt 00:04:18]} b5 {[%clk 01:21:55]} {[%emt
00:04:11]} 12. Rae1 {[%clk 01:13:23]} {[%emt 00:04:55]} O-O {[%clk 01:20:41]}
{[%emt 00:01:44]} 13. f5 {[%clk 01:00:32]} {[%emt 00:13:21]} exf5 {[%clk
01:17:43]} {[%emt 00:03:28]} 14. Bh6 {[%clk 00:57:08]} {[%emt 00:03:54]} dxe4
{[%clk 01:13:58]} {[%emt 00:04:15]} 15. Ng5 {[%clk 00:38:44]} {[%emt 00:18:54]}
Qd4+ {[%clk 01:12:30]} {[%emt 00:01:57]} 16. Kh1 {[%clk 00:38:46]} {[%emt
00:00:28]} Bxh6 {[%clk 01:12:43]} {[%emt 00:00:18]} 17. Qxh6 {[%clk 00:37:16]}
{[%emt 00:02:01]} Qg7 {[%emt 00:01:20]} 18. Qh4 {[%clk 00:33:11]} {[%emt
00:04:32]} h6 {[%clk 01:10:21]} {[%emt 00:02:04]} 19. Nh3 {[%clk 00:24:01]}
{[%emt 00:09:39]} Nd5 {[%clk 01:08:22]} {[%emt 00:02:30]} 20. Nxd5 {[%clk
00:16:52]} {[%emt 00:07:38]} Bxd5 {[%clk 01:08:32]} {[%emt 00:00:20]} 21. b3
{[%clk 00:15:37]} {[%emt 00:01:46]} c4 {[%clk 01:07:59]} {[%emt 00:01:03]} 22.
Nf2 {[%clk 00:14:28]} {[%emt 00:01:39]} exd3 {[%clk 01:07:30]} {[%emt
00:00:58]} 23. cxd3 {[%clk 00:14:22]} {[%emt 00:00:37]} cxb3 {[%clk 01:06:47]}
{[%emt 00:01:13]} 24. axb3 {[%clk 00:13:35]} {[%emt 00:01:15]} Bxb3 {[%clk
01:06:41]} {[%emt 00:00:38]} 25. Qb4 {[%clk 00:10:29]} {[%emt 00:03:36]} Ba4
{[%clk 01:05:20]} {[%emt 00:01:52]} 26. Rc1 {[%clk 00:06:07]} {[%emt 00:04:50]}
a5 {[%clk 01:05:00]} {[%emt 00:00:50]} 27. Qa3 {[%clk 00:06:10]} {[%emt
00:00:25]} Qd4 {[%clk 01:05:00]} {[%emt 00:00:32]} 28. Nd1 {[%clk 00:05:54]}
{[%emt 00:00:46]} Bxd1 {[%clk 01:05:12]} {[%emt 00:00:19]} 29. Rfxd1 {[%clk
00:05:54]} {[%emt 00:00:30]} Rfb8 {[%clk 01:05:06]} {[%emt 00:00:36]} 30. Rb1
{[%clk 00:05:55]} {[%emt 00:00:28]} a4 {[%clk 01:04:52]} {[%emt 00:00:45]} 31.
Rb4 {[%clk 00:05:22]} {[%emt 00:01:01]} Qc5 {[%clk 01:03:25]} {[%emt 00:01:58]}
32. d4 {[%clk 00:03:56]} {[%emt 00:01:57]} Qe7 {[%clk 01:03:04]} {[%emt
00:00:51]} 33. Ra1 {[%clk 00:02:40]} {[%emt 00:01:45]} Re8 {[%clk 01:03:03]}
{[%emt 00:00:31]} 34. h3 {[%clk 00:01:45]} {[%emt 00:01:26]} Qe3 {[%clk
01:03:02]} {[%emt 00:00:31]} 35. Rxb5 {[%clk 00:01:08]} {[%emt 00:01:06]} Qxa3
{[%clk 01:02:23]} {[%emt 00:01:09]} 36. Rxa3 {[%clk 00:01:31]} {[%emt
00:00:07]} Re4 {[%clk 01:02:17]} {[%emt 00:00:37]} 37. Rb4 {[%clk 00:01:20]}
{[%emt 00:00:38]} Kf8 {[%clk 01:01:58]} {[%emt 00:00:51]} 38. Kg1 {[%clk
00:00:39]} {[%emt 00:01:11]} Ra6 {[%clk 00:50:33]} {[%emt 00:11:55]} 39. Raxa4
{[%clk 00:00:49]} {[%emt 00:00:20]} Rxa4 {[%clk 00:50:53]} {[%emt 00:00:11]}
40. Rxa4 {[%clk 00:01:18]} {[%emt 00:00:01]} Ke7 {[%clk 00:50:47]} {[%emt
00:00:35]} 41. Kf2 {[%clk 00:01:16]} {[%emt 00:00:31]} Ke6 {[%clk 00:50:11]}
{[%emt 00:01:08]} 42. Kf3 {[%clk 00:27:03]} {[%emt 00:04:43]} Kd5 {[%clk
01:17:55]} {[%emt 00:02:45]} 43. Ra7 {[%clk 00:25:24]} {[%emt 00:02:08]} Rxd4
{[%clk 01:16:52]} {[%emt 00:01:34]} 44. Rxf7 {[%clk 00:25:27]} {[%emt
00:00:27]} Ke6 {[%emt 00:00:19]} 45. Ra7 {[%clk 00:24:32]} {[%emt 00:01:23]}
Kf6 {[%clk 01:17:10]} {[%emt 00:00:25]} 46. Ke3 {[%clk 00:23:10]} {[%emt
00:01:50]} Rb4 {[%clk 01:17:07]} {[%emt 00:00:35]} 47. Ra6+ {[%clk 00:21:59]}
{[%emt 00:01:40]} Kg5 {[%clk 01:17:30]} {[%emt 00:00:08]} 48. Kf3 {[%clk
00:18:14]} {[%emt 00:04:14]} h5 {[%clk 01:17:23]} {[%emt 00:00:38]} 49. g3
{[%clk 00:13:24]} {[%emt 00:05:17]} h4 {[%clk 01:17:17]} {[%emt 00:00:39]} 50.
gxh4+ {[%clk 00:12:46]} {[%emt 00:01:08]} Rxh4 {[%clk 01:17:34]} {[%emt
00:00:13]} 51. Kg3 {[%clk 00:12:50]} {[%emt 00:00:24]} Rb4 {[%clk 01:12:16]}
{[%emt 00:05:49]} 52. Rc6 {[%clk 00:11:15]} {[%emt 00:02:05]} Re4 {[%clk
01:12:11]} {[%emt 00:00:36]} 53. Ra6 {[%clk 00:11:07]} {[%emt 00:00:38]} f4+
{[%clk 01:12:29]} {[%emt 00:00:12]} 54. Kg2 {[%clk 00:09:50]} {[%emt 00:01:45]}
Re2+ {[%clk 01:09:37]} {[%emt 00:03:24]} 55. Kf3 {[%clk 00:09:23]} {[%emt
00:00:56]} Re3+ {[%clk 01:08:46]} {[%emt 00:01:20]} 56. Kg2 {[%clk 00:09:30]}
{[%emt 00:00:23]} Rg3+ {[%clk 01:09:08]} {[%emt 00:00:09]} 57. Kh2 {[%clk
00:06:35]} {[%emt 00:03:24]} Kh4 {[%clk 01:09:25]} {[%emt 00:00:14]} 58. Rf6
{[%clk 00:06:00]} {[%emt 00:01:04]} Rxh3+ {[%clk 01:09:35]} {[%emt 00:00:20]}
59. Kg2 {[%clk 00:06:16]} {[%emt 00:00:15]} Rg3+ {[%clk 01:09:51]} {[%emt
00:00:14]} 60. Kf2 {[%clk 00:06:20]} {[%emt 00:00:25]} g5 {[%clk 01:09:56]}
{[%emt 00:00:26]} 61. Rh6+ {[%clk 00:03:51]} {[%emt 00:02:59]} Kg4 {[%emt
00:00:11]} 62. Rg6 {[%clk 00:03:59]} {[%emt 00:00:19]} Rb3 {[%clk 01:10:01]}
{[%emt 00:00:46]} 63. Rg8 {[%clk 00:03:24]} {[%emt 00:01:06]} Rb2+ {[%clk
01:09:57]} {[%emt 00:00:34]} 64. Kg1 {[%clk 00:03:36]} {[%emt 00:00:17]} f3
{[%clk 01:08:48]} {[%emt 00:01:41]} 65. Kf1 {[%clk 00:03:06]} {[%emt 00:00:59]}
Kf4 {[%clk 01:08:52]} {[%emt 00:00:27]} 66. Rg7 {[%clk 00:02:24]} {[%emt
00:01:10]} g4 {[%clk 01:09:11]} {[%emt 00:00:13]} 67. Ke1 {[%clk 00:01:13]}
{[%emt 00:01:41]} f2+ {[%clk 01:08:55]} {[%emt 00:00:47]} 68. Kf1 {[%clk
00:01:17]} {[%emt 00:00:26]} Kg3 {[%clk 01:09:16]} {[%emt 00:00:10]} 69. Rf7
{[%clk 00:01:02]} {[%emt 00:00:44]} Rb1+ {[%clk 01:09:12]} {[%emt 00:00:34]}
70. Ke2 {[%clk 00:01:21]} {[%emt 00:00:12]} Re1+ {[%clk 01:09:34]} {[%emt
00:00:07]} 0-1